Catálogo
 En Linea

La salud y el arte en la escuela / (Registro nro. 25610)

Detalles MARC
000 -CABECERA
campo de control de longitud fija 00842cam a2200229 a 4500
001 - NÚMERO DE CONTROL
campo de control 000026118
005 - FECHA Y HORA DE LA ÚLTIMA TRANSACCIÓN
campo de control 20200930024322.0
008 - DATOS DE LONGITUD FIJA--INFORMACIÓN GENERAL
campo de control de longitud fija 810327s1969 ag a 000 p spa d
040 ## - FUENTE DE LA CATALOGACIÓN
Centro catalogador/agencia de origen DO-SdBNP
Lengua de catalogación spa
Centro/agencia transcriptor BNPHU
041 ## - CÓDIGO DE LENGUA
Código de lengua del texto/banda sonora o título independiente spa
Código de lengua original por
Fuente del código Código de idioma MARC
082 ## - NÚMERO DE LA CLASIFICACIÓN DECIMAL DEWEY
Número de clasificación xxx
Número de documento/Ítem C837b
049 ## - FONDOS LOCALES (OCLC)
Fondos de biblioteca BNGR
240 #0 - TÍTULO UNIFORME
Título uniforme Teacher's encyclopedia
Lenguaje de la obra Español
245 13 - MENCIÓN DE TÍTULO
Título La salud y el arte en la escuela /
Mención de responsabilidad, etc. Robert O. Yoho ... [et al.] ; versión castella Carlos Anibal Leal.
260 ## - PUBLICACIÓN, DISTRIBUCIÓN, ETC.
Lugar de publicación, distribución, etc. Buenos Aires :
Nombre del editor, distribuidor, etc. Centro Regional de Ayuda Técnica :
-- Agencia para el Desarrollo Internacional ,
Fecha de publicación, distribución, etc. 1969.
300 ## - DESCRIPCIÓN FÍSICA
Extensión 150 p. :
Otras características físicas il. ;
Dimensiones 19 cm.
534 ## - NOTA SOBRE LA VERSIÓN ORIGINAL
Encabezamiento principal del original Título original :
-- Teacher's encyclopedia
500 ## - NOTA GENERAL
Nota general Bibliografía : p. 147-150
700 1# - PUNTO DE ACCESO ADICIONAL--NOMBRE DE PERSONA
Nombre de persona Yoho, Robert O. ,
9 (RLIN) 53072
700 1# - PUNTO DE ACCESO ADICIONAL--NOMBRE DE PERSONA
Nombre de persona Hurwitz, Albert,
9 (RLIN) 53073
700 1# - PUNTO DE ACCESO ADICIONAL--NOMBRE DE PERSONA
Nombre de persona Landis , Beth,
9 (RLIN) 53074
Existencias
Estado de retiro Estado de pérdida Restricciones de uso No para préstamo Código de colección Localización permanente Ubicación/localización actual Ubicación en estantería Fecha de adquisición Número de inventario Total de préstamos Signatura topográfica completa Código de barras Fecha visto por última vez Precio válido a partir de Tipo de ítem Koha Número de copia
      Excluido de préstamo Monografías: Libros y Folletos General General En catalogación 01.03.2011 LF1   xxx C837b 26118-10 25.06.2020 25.06.2020 No se presta  
      Excluido de préstamo Monografías: Libros y Folletos General General En catalogación 01.03.2011 LF1   xxx C837b 26118-20 25.06.2020 25.06.2020 No se presta e.2

Con tecnología Koha